000 00579nam a22001937a 4500
999 _c61687
_d61687
005 20240417112521.0
008 240417s2006 enk||||| |||| 00| 0 eng d
020 _a9780521676359x
041 _aeng
080 _a615.849 B-22
100 _aBanerjee, Arpan K.
_921831
245 _aRadiology Made Easy /
_cArpan K. Banerjee.
250 _aSecond edition
264 _aCambridge :
_bCambridge University Press,
_c2006.
300 _a178 p.:
_bill.;
_c23 cm.
653 _aრადიოლოგია
653 _aმედიცინა
942 _2udc
_cᲬᲘᲒᲜᲘ